1436 1158 1822 1683 1262 1620 1254 1491 1295 1209 1456 1411 1627 1082 1798 1399 1380 1628 1054 1258 1575 1995 1044 1111 1997 1361 1278 1732 1093 1232 1488 1124 1189 1069 1064 1561 1206 1467 1041 1591 1900 1489 1724 1081 1035 1708 1947 1392 1586 1379 1790 1288 1495 1247 1334 1573 1790 1410 1284 1330 1807 1844 1871 1889 1698 1105 1207 1484 1149 1238 1570 1716 1875 1874 1619 1477 1241 1178 1556 1568 1334 1741 1066 1244 1958 1699 1294 1888 1541 1326 1966 1586 1124 1318 1831 1934 1559 1707 1900 BCNSPRNW ULIB Ver.6.0+V

เปลี่ยนเป็นภาษาไทย

Change to English
 แสดงรายละเอียดบรรณานุกรม
  กลับหน้าหลัก

Brief Record : Get Marc (ISO 2709) : E-mail record : QR code < ปิดหน้าต่าง
LEADER : 00000nam 2200000uu 4500
001    13399111762
003     ULIB
008    110707s2544||||th 000 0 tha d
020    9789746900492
020    9746900496
050  4 DS568^bว72พ 2544
100 0  วิลาศ มณีวัต
245 10 พระราชอารมณ์ขัน /^cวิลาศ มณีวัต
250    พิมพ์ครั้งที่ 10
260    กรุงเทพฯ :^bดอกหญ้า 2543,^c2544
300    175 หน้า :^bภาพประกอบ ;^c21 ซม.
440    โครงการอนุรักษ์วรรณกรรมเก่าและหายาก ชุดเพิ่มพูนปัญญาเสริมคุณค่าความคิด
600 07 ภูมิพลอดุลยเดช,^cพระบาทสมเด็จพระปรมินทรมหา,^d2470-^xพระราชดำรัส
650  4 พระราชดำรัส
945    ^p130^l0^i018324
945    ^p130^l0^i014812
995    ทศพร
999 ^a ใช้งานได้ทุกระบบ
รายการนี้ยังไม่มีแท็ก
คุณยังไม่ได้ล็อกอิน คุณสามารถมีกิจกรรมร่วมกับเว็บไซต์ได้ แต่ต้องล็อกอินก่อน ::
  ล็อกอิน

รายการสื่อสารสนเทศ

ลำดับที่ ประเภท เลขเรียก/บาร์โค้ด สถานที่ สถานะ
- ไม่พบข้อมูล -

รายการใกล้เคียง
    หัวเรื่อง [พระราชดำรัส]

BibComment


ยังไม่เคยถูกคอมเมนท์

คอมเมนท์ทรัพยากรรายการนี้
  คอมเมนท์: พระราชอารมณ์ขัน ..


 Copyright 2026. Bcnsprnw @Library